| 000 | 00735nam a22002177a 4500 | ||
|---|---|---|---|
| 005 | 20230329101756.0 | ||
| 008 | 230329s1989 enk |||gr|||| 00| 0 eng d | ||
| 020 | _a0198773277 | ||
| 040 |
_aCO-BoUCM _bspa _cDeissy Garcia _dDeissy Garcia |
||
| 041 | 0 | _aeng | |
| 100 |
_9140657 _aHenry, Claude |
||
| 245 | 1 | 0 |
_aMicroeconomics for public policy _bhelping the invisible hand _cClaude Henry |
| 260 |
_aOxford _bClarendon Press _c1989 |
||
| 300 | _aviii, 164 páginas | ||
| 504 | _aIncluye referencias bibliográficas | ||
| 650 | 7 |
_919488 _aMicroeconomía |
|
| 650 | 7 |
_913709 _aEconomía política |
|
| 650 | 7 |
_921972 _aPolítica económica |
|
| 942 |
_2DEWEY _a7 _cLIBRO _e1 _h338.5 _mH521m _n0 |
||
| 999 |
_c322509 _d322509 |
||